Quizzes
Events
Quiz Creation
Community
Videos
Private Events
Remove Ads
Sign In
Join for FREE
Feedback
Dark Mode
Quiz Categories
Sports
Geography
Music
Movies
Television
Just For Fun
Miscellaneous
History
Literature
Language
Science
Gaming
Entertainment
Religion
Holiday
For Kids
Quiz Lab
Recent
Popular Today
Quiz Kudos Today
Editor Picks
Curator Picks
Quizzes by...
Day
Popularity
Type
Ratings
Length
Year
Community
Subscriptions
Recent Discussions
Orange Saloon
Badges
Playlists
Quests
Create
Leaderboards
Showdown
Live 5
Trivia Bingo
Activity
Puzzle Library
Sporcle Events
Private Events
Virtual Trivia
Globe League
Become a Host
Pub Owners
SporcleCon
Opinionation
Our Games
Videos
Blog
Mobile Apps
Partnerships
Remove Ads and Go Orange
Feedback
Just For Fun
Clickable
Get the Picture
Humor
Quick Pick
Word Ladder
Missing Word
Mixed Word
Blitz
Minefield
This or That
Alphabet
Color
Typing
Sporcle
Puzzle
Word Play
Follow That Line
Logic
Just For Fun
Clickable
Get the Picture
Humor
Quick Pick
Word Ladder
Missing Word
Mixed Word
Blitz
Minefield
This or That
Alphabet
Color
Typing
Sporcle
Puzzle
Word Play
Follow That Line
Logic
Random Quiz
Search Sporcle
×
Quiz Lab
Quiz Lab
Just For Fun
force
Type in answers that appear in a list
Type in answers that appear in a list
Classic
Best Score? Go Orange.
Forbes Ficitonal 15 Stats
Can you name the Forbes Ficitonal 15 Richest characters?
By
Tank
2m
15 Questions
79 Plays
79 Plays
79 Plays
Comments
Comments
Give Quiz Kudos
Give Quiz Kudos
-
- Ratings
hide this ad
Replay
Link that replays current quiz
Next Quiz
Link to next quiz in quiz playlist
You Got
0%
They Got
Avg Score
29%
Avg Friend Score
Upgrade to see
Score Distribution
Jump to the score distribution portion of the page
Score
0/15
Timer
02:00
0
Plays Today
Character Description
Charcter
% Correct
32 Year-
Old Crime Fighter, Head of a Major Corporation
Bruce Wayne
83.5%
10 Yearl-
Old Boy with Inheritance and Conglomerates
Richie Rich
70.9%
35 Year-
Old Genius/
Crime Fighter Who Owns a Large Defense Supplier
Tony Stark
59.5%
104 Year-
Old Owner of a Nuclear Power Plant
Montgomery Burns
57%
81 Yearl-
Old Bird, Invested in Mining and Treasure Hunting
Scrooge McDuck
35.4%
51 Year-
Old Former Poor Mountaineer, Invested in Oil, Gas, and Banking
Jed Clampett
29.1%
60 Year-
Old Industry Owner, Currently Trapped on an Island in the Pacific
Thurston Howell III
24.1%
370 Year-
Old Vampire, with Compound Interest/
Long-
Term Investments
Carlisle Cullen
22.8%
Character Description
Charcter
% Correct
15 Yearl Old Child Prodigy, with Income from Inheritance, Technology, and Theft
Artemis Fowl II
13.9%
47 Year-
Old Genius, Invested in Marketing, Formerly a Member of The Crimebusters
Adrian Veidt
11.4%
30 Year-
Old War Hero, with Income from Racketeering and Investmens
Jay Gatsby
11.4%
68 Year-
Old Wife of Former Real Estate Company CEO
Lucille Bluth
8.9%
55 Year-
Old Railroad Tycoon
Sir Topham Hatt
7.6%
18 Year-
Old Heir to a Real Estate Legend
Charles Bass
7.6%
Ageless Collector
Tooth Fairy
6.3%
Quiz Playlist
Details
Report
Send in Message
Add To Playlist
Classic:
Type in answers that appear in a list
Quiz Source
Last Updated: Feb 16, 2017
Quiz Scoreboard
CHALLENGE
Sign Up to Join the Scoreboard
Show All
Scores
Hide
Comments
May contain spoilers
Recently Published
9x9 Crossword: Cartoon Network
by jackfrog10
Miscellaneous
3m
College Basketball Coaching Resumes
by pancakes188
Sports
9m
Billboard Blitz: Fleetwood Mac
by CooCooCachoo
Music
15s
More to Explore
Quiz From the Vault
Featured Blog Post
Where Did the Easter Bunny Come From?
hide this ad
You Might Also Like...
Tags
Character
description
force
net
richest
Worth
Today's Top Quizzes in Just For Fun
Browse Just For Fun
hide this ad
Today's Top Quizzes in force
Browse force
Top Contributed Quizzes in Just For Fun
1
Killer Double Trees 224 - Colour Match-Up
2
Spring Typing Challenge
3
Name Just One - 10 to 1: Just For Fun
4
Crossword Whiteout! 49
5
Zeroing In: Just For Fun
6
Survivor Winners Logic Puzzle
7
Word Ladder: Ahoy Matey
8
Word Ladder: Wilderness Weapon
9
Harry Potter Logic - 'In Chains' II
10
Kyle's 122nd Triple Trees
Explore More
Trending Topics
Disney
Marvel
Crossword
Kpop
Anime
NBA
Harry Potter
Song
NFL
Soccer
The Office
Puzzle
Country
Pokémon
WWE
hide this ad
More By:
Tank
Quiz
Plays
Rating
Category
Featured
Created
The Quidditch Quiz
202,437
3.95
Literature
Nov 16, 2009
Invented Words: Carroll, Seuss, or Dahl
9,995
4.46
Literature
Dec 15, 2011
Songs on Rubber Soul
9,119
4.48
Music
Nov 15, 2009
'Time' Lyrics
2,518
4.94
Music
Dec 14, 2011
'Tom Sawyer' Lyrics
2,496
4.86
Music
Dec 3, 2011
Go to Creator's Profile
Score Distribution
Quiz Creator Spotlight
Tank
Follow
Send a Message
Quizzes Created
-
Created Quiz Play Count
-
More By This Creator
Popular Quizzes Today
1
Find the US States - No Outlines Minefield
2
Find the Countries of Europe - No Outlines Minefield
3
The Countries of the World
4
Find the US States
5
Risky Map Clicking: Biggest States A-Z
6
US States
7
Popular People in 1961
8
Movies - When Are They Set?
More Just For Fun Quizzes
Trees Logic Puzzle 498
Quiz Lab
Trending Quizzes
Risky Map Clicking: Least Populous States A-Z
1-10 Letter G Words
1-10 Letter F Words
Risky Map Clicking: Next State Alphabetically
Adjectives in 80s TV Shows
Recently Updated
Leaping Animals
pecheneg
Reality TV Shows (A-Z)
bhenderson79
Rickey Henderson's Hall of Fame Teammates
pecheneg
Champions League XIs: Arsenal
pecheneg
Quick Pick: Celebrities in WWE's Hall of Fame
aduchscher
A-Z Keypad Blitz II
pecheneg
Multiple Oscar Actors
pecheneg
Mystery Phrase Blitz: Oscar 'Best Actors'
pecheneg
F. Scott Fitzgerald Novels
LTH
Pick 3 Villains
ddd62291
Trending Topics
Crossword
Kpop
Anime
Marvel
Disney
Harry Potter
NBA
The Office
WWE
Pokémon
Puzzle
Song
Soccer
Country
NFL
Your Account Isn't Verified!
In order to create a playlist on Sporcle, you need to verify the email address you used during registration. Go to your
Sporcle Settings
to finish the process.
Report this User
Report this user for behavior that violates our
Community Guidelines
.
Details:
Send Report
Go to the Sporcle.com Mobile Site →
Comments